Statistics for Countries, US States, Capitals, Elements, 100 Most Common Words: Cheating Generator Puzzle

Click here to take the quiz!

General Stats

  • This quiz has been taken 108 times
  • The average score is 20 of 41

Answer Stats

ANSWER % Correct
{C}h{ina}
73%
{Ind}i{a}
71%
{Me}x{ico}
71%
R{ome}
66%
Z{inc}
64%
{C}h{ad}
64%
L{ima}
64%
{I}r{an}
61%
{Monac}o
59%
{A}p{ia}
59%
{Monac}o
59%
{Canad}a
59%
{Io}w{a}
58%
{Domin}i{ca}
56%
MACEDONIA
54%
L{ome}
54%
{A}r{menia}
53%
{Do}h{a}
51%
{Ida}h{o}
51%
R{omania}
49%
{Ma}l{i}
47%
{I}r{on}
47%
{Am}m{an}
47%
S{amoa}
47%
H{anoi}
46%
{Ice}l{and}
41%
{Ne}v{ada}
41%
R{adon}
41%
L{ead}
41%
{Neo}n
41%
{Ma}k{e}
37%
{Cam}b{odia}
37%
{Ma}l{e}
37%
{Cai}r{o}
37%
{In}t{o}
34%
T{ime}
34%
S{ome}
31%
{Mani}l{a}
29%
{Niame}y
29%
{Iod}i{ne}
27%
{Madi}s{on}
19%

Score Distribution

Percentile by Number Answered

Percent of People with Each Score

Your Score History

You have not taken this quiz